|
|
|
|
| LEADER |
01843nam a2200445 a 4500 |
| 001 |
000634047 |
| 003 |
CZ BrMZK |
| 005 |
20060905100634.0 |
| 007 |
ta |
| 008 |
021101s2002 xr f cze d |
| 015 |
|
|
|a cnb001184673
|
| 020 |
|
|
|a 80-7050-393-9
|
| 035 |
|
|
|a (OCoLC)53261916
|
| 040 |
|
|
|a BOA001
|b cze
|
| 043 |
|
|
|a e-xr---
|b e-xr-pg
|2 czenas
|
| 072 |
|
7 |
|a 027
|x Univerzální knihovny. Veřejné knihovny
|2 Konspekt
|9 12
|
| 080 |
|
|
|a 80(=16)+908(4)
|2 MRF
|
| 080 |
|
|
|a 027.021
|2 MRF
|
| 080 |
|
|
|a (437.311)
|2 MRF
|
| 080 |
|
|
|a (036)
|2 MRF
|
| 110 |
2 |
|
|a Národní knihovna České republiky.
|b Slovanská knihovna
|7 kn20010709072
|
| 245 |
1 |
0 |
|a Slovanská knihovna :
|b průvodce /
|c [zpracoval kolektiv pracovníků Slovanské knihovny pod vedením Zdeňky Rachůnkové]
|
| 246 |
3 |
1 |
|a Slavjanskaja biblioteka
|
| 246 |
3 |
1 |
|a <<The >>Slavonic library
|
| 250 |
|
|
|a 1. vyd.
|
| 260 |
|
|
|a Praha :
|b Národní knihovna České republiky - Slovanská knihovna,
|c 2002
|
| 300 |
|
|
|a 57 s., [4] s. barev. obr. příl. :
|b il. ;
|c 21 cm
|
| 490 |
1 |
|
|a Publikace Slovanské knihovny
|
| 504 |
|
|
|a Obsahuje bibliografii
|
| 650 |
0 |
7 |
|a slavistika
|7 ph116178
|z Česko
|y 20. stol.
|2 czenas
|
| 650 |
0 |
7 |
|a vědecké knihovny
|7 ph127369
|z Česko
|y 1924-
|2 czenas
|
| 655 |
|
7 |
|a průvodce
|7 fd133154
|2 czenas
|
| 610 |
2 |
7 |
|a Národní knihovna České republiky.
|b Slovanská knihovna
|7 kn20010709072
|2 czenas
|
| 651 |
|
7 |
|a Praha (Česko)
|7 ge118011
|2 czenas
|
| 700 |
1 |
|
|a Rachůnková, Zdeňka,
|d 1951-2003
|7 mzk2003186053
|4 aut
|
| 830 |
|
0 |
|a Publikace Slovanské knihovny
|0 s
|
| 856 |
4 |
1 |
|u http://www.digitalniknihovna.cz/mzk/uuid/uuid:23b3fdb0-29a4-11e2-a433-005056827e52
|y Digitalizovaný dokument
|x NDK
|
| 910 |
|
|
|a BOA001
|b 2-1109.521
|
| 990 |
|
|
|a BK
|
| 996 |
6 |
|
|b 2610173834
|c 2-1109.521
|l MZK
|r Sklad / do 1 hodiny
|n 2
|p p.v.
|w 000634047
|u 000010
|a 1
|e BOA001
|j MZK50
|s P
|